[Event "Challenge"]
[Site "http://www.queenalice.com/game.php?id=847538"]
[Date "2010.10.18"]
[Round "-"]
[White "Buckeyechess101"]
[Black "Mr_SPOCK"]
[Result "0-1"]
[WhiteElo "1643"]
[BlackElo "1548"]

1. e4 e5 2. Nf3 Nc6 3. b3 Nf6 4. d4 exd4 5. Bb2 Bc5 6. Bxd4 Qe7 7. c3 O-O 8. b4
Nxd4 9. Nxd4 Nxe4 10. bxc5 Nxc3+ 11. Be2 Nxd1 12. O-O Nxf2 13. Rxf2 Qxc5 14. Nf3
d5 15. Nbd2 Bg4 16. Re1 Rae8 17. Nb3 Qc2 0-1

[Event "Challenge"]
[Site "http://www.queenalice.com/game.php?id=847539"]
[Date "2010.10.18"]
[Round "-"]
[White "Mr_SPOCK"]
[Black "Buckeyechess101"]
[Result "1-0"]
[WhiteElo "1568"]
[BlackElo "1623"]

1. e4 e5 2. Nf3 Nf6 3. Bc4 d6 4. d3 Be7 5. Ng5 Be6 6. Bb5+ c6 7. Ba4 Nbd7 8. O-O
d5 9. Nc3 O-O 10. Ne2 Nc5 11. Nc3 Qd7 12. b4 Nxa4 13. Nxa4 1-0

[Event "Challenge"]
[Site "http://www.queenalice.com/game.php?id=847585"]
[Date "2010.10.18"]
[Round "-"]
[White "kakashisensei"]
[Black "Buckeyechess101"]
[Result "1-0"]
[WhiteElo "1563"]
[BlackElo "1654"]

1. d4 c6 2. c4 Nf6 3. Nc3 d5 4. Qc2 Nbd7 5. e4 e6 6. a3 b6 7. e5 Ng4 8. h3 Ngxe5
9. dxe5 Nxe5 10. f4 Nxc4 11. Bxc4 dxc4 12. Nf3 Be7 13. Bd2 b5 14. Rd1 O-O 15.
Ne4 f6 16. O-O g6 17. Bb4 Bd7 18. Nc5 Qb6 19. Qf2 a5 20. Rxd7 axb4 21. Rxe7 bxa3
22. bxa3 Rxa3 23. Nd7 Qxf2+ 24. Rxf2 Rd3 25. Nxf8 Kxf8 26. Rb7 Rd8 27. Ra2 c3
28. Nd4 1-0

[Event "OS INCLIVEIS"]
[Site "http://www.queenalice.com/game.php?id=847727"]
[Date "2010.10.18"]
[Round "-"]
[White "adelio"]
[Black "Buckeyechess101"]
[Result "1-0"]
[WhiteElo "1668"]
[BlackElo "1668"]

1. g3 d5 2. b3 e6 3. Bg2 c5 4. Bb2 Bd6 5. Bxg7 Be5 6. Bxe5 Nf6 7. Bxb8 Rxb8 8.
d4 b6 9. Nf3 Ne4 10. Ne5 Qc7 11. O-O f6 12. Nf3 Bb7 13. Nbd2 Rg8 14. Nxe4 dxe4
15. Nh4 f5 16. e3 Rd8 17. Qh5+ Kf8 18. Rad1 Ke7 19. Qxh7+ Kd6 20. dxc5+ Ke5 21.
f4+ Kf6 22. Qxc7 Rb8 23. Qe5+ Ke7 24. Nxf5+ Kf7 25. Rd7+ 1-0

[Event "Challenge"]
[Site "http://www.queenalice.com/game.php?id=849230"]
[Date "2010.10.22"]
[Round "-"]
[White "Buckeyechess101"]
[Black "adelio"]
[Result "1-0"]
[WhiteElo "1500"]
[BlackElo "1643"]

1. e4 e5 2. Nf3 Qe7 3. d4 d6 4. Nbd2 Bg4 5. Bc4 exd4 6. b3 a6 7. Be2 Bxf3 8.
Bxf3 Nf6 9. O-O g6 10. Bb2 Nc6 11. Re1 Ne5 12. Bxd4 Nxf3+ 13. Qxf3 Bg7 14. Nc4
O-O 15. e5 dxe5 16. Rxe5 Qd7 17. Rd1 Rae8 18. Bc5 Qc6 19. Qxc6 bxc6 20. Bxf8
Rxf8 21. Rde1 h5 22. Re7 Nd5 23. Re8 Nf6 24. Rxf8+ Bxf8 25. g3 Bb4 26. Re3 Bc5
27. Re2 Ng4 28. Ne5 Nxe5 29. Rxe5 Bb6 30. h4 c5 31. c4 Kg7 32. a3 a5 33. f3 f5
34. Kg2 Kf6 35. Rd5 g5 36. Kh3 Ba7 37. g4 hxg4+ 38. fxg4 fxg4+ 39. Kxg4 gxh4 40.
Kxh4 Ke6 41. b4 c6 42. Rg5 Kd6 43. bxa5 Kc7 44. Rg7+ Kb8 45. a6 Bb6 46. Rg6 Ka7
47. Rxc6 Kxa6 48. Kg4 Ka5 49. Kf4 Ka6 50. Ke4 Ka5 51. Kd5 Ba7 52. Rxc5+ Bxc5 53.
Kxc5 Ka4 54. Kd4 Kxa3 55. c5 Kb4 56. c6 Kb5 57. c7 Kc6 58. c8=Q+ Kd6 59. Qc5+
Ke6 60. Qd5+ Kf6 61. Qe5+ Kg6 62. Ke4 Kh7 63. Qf5+ Kg7 64. Ke5 Kg8 65. Kf6 Kh8
66. Qh5+ Kg8 67. Qf7+ Kh8 68. Qg7# 1-0

[Event "Challenge"]
[Site "http://www.queenalice.com/game.php?id=849231"]
[Date "2010.10.22"]
[Round "-"]
[White "adelio"]
[Black "Buckeyechess101"]
[Result "0-1"]
[WhiteElo "1586"]
[BlackElo "1550"]

1. g3 d5 2. d4 e6 3. b3 Nf6 4. Nd2 Bb4 5. Bg2 Bc3 6. Rb1 Bxd4 7. Ngf3 Bc3 8. O-O
Nbd7 9. Ng5 Bxd2 10. Qxd2 O-O 11. e4 Nb6 12. exd5 exd5 13. Qd3 g6 14. Bb2 Bf5
15. Qd2 Re8 16. Rbe1 Rxe1 17. Rxe1 Qd6 18. Bxf6 Qxf6 19. Qe3 Bxc2 20. Qc5 Qxg5
21. Qxc2 c6 22. Qb2 Nd7 23. Re3 c5 24. h4 Qg4 25. Bxd5 Qd1+ 26. Kh2 Qxd5 27. Qe2
Nf6 28. f3 Kf8 29. g4 Re8 30. g5 Rxe3 31. Qxe3 Ng4+ 32. fxg4 Kg7 33. h5 gxh5 34.
gxh5 b6 35. Qg3 f6 36. h6+ Kg6 37. gxf6+ Kxf6 38. Qg7+ Ke6 39. Qg8+ Ke5 40. Qg7+
Kd6 41. Qf6+ Qe6 42. Qd8+ Ke5 43. Qh8+ Kd5 44. Qd8+ Qd6+ 45. Qxd6+ Kxd6 46. Kg3
b5 47. Kg4 a5 48. Kf5 Ke7 49. Ke5 c4 50. Kd4 Kf6 51. Kc5 c3 52. Kxb5 c2 53. Kxa5
c1=Q 54. a3 Qxa3+ 55. Kb5 Qxb3+ 56. Kc5 Qe6 57. Kd4 Qe5+ 58. Kc4 Ke6 59. Kd3 Kd5
60. Kd2 Kd4 61. Kc2 Qe3 62. Kb2 Qc3+ 63. Ka2 Kd3 64. Kb1 Qc2+ 65. Ka1 Qd2 66.
Kb1 Kc3 67. Ka1 Qb2# 0-1

[Event "Challenge"]
[Site "http://www.queenalice.com/game.php?id=850984"]
[Date "2010.10.26"]
[Round "-"]
[White "Buckeyechess101"]
[Black "jamesxirb"]
[Result "1-0"]
[WhiteElo "1567"]
[BlackElo "1303"]

1. e4 e5 2. Nf3 Nc6 3. Bb5 b6 4. Bxc6 dxc6 5. Nxe5 Bb7 6. Qh5 g6 7. Qf3 Qe7 8.
d4 f6 9. Nd3 a5 10. O-O O-O-O 11. Nc3 Rxd4 12. Re1 h6 13. Qe3 c5 14. b3 Bxe4 15.
Nxe4 Rxe4 16. Qxe4 Qxe4 17. Rxe4 Kb7 18. Nf4 f5 19. Bb2 Rh7 20. Re6 g5 21. Ng6
Bd6 22. c4 g4 23. Be5 h5 24. Bxd6 cxd6 25. Rxd6 Kc7 26. Rad1 Rg7 27. Ne5 Re7 28.
Rd7+ Rxd7 29. Rxd7+ Kc8 30. Rd8+ Kxd8 31. Nc6+ Ke8 32. a3 Nf6 33. b4 Kd7 34.
Ne5+ Ke6 35. Nd3 h4 36. bxa5 Kd6 37. axb6 Nd7 38. b7 Kc7 39. g3 Kxb7 40. gxh4
Kc6 41. h5 Nf8 42. Kg2 Kd6 43. a4 Kc7 44. Nxc5 f4 45. a5 Kc6 46. a6 f3+ 47. Kg3
Kb6 48. Kxg4 Kxc5 49. a7 Kxc4 50. a8=Q Ne6 51. Qxf3 Nd4 52. Qf4 Kc3 53. h6 Ne6
54. Qe3+ Kc4 55. Qxe6+ Kd3 56. h7 Kc3 57. h8=Q+ Kd2 58. Qd8+ Kc3 59. Qc6+ Kb4
60. Qdb6+ Ka3 61. Qa8# 1-0

[Event "Challenge"]
[Site "http://www.queenalice.com/game.php?id=850986"]
[Date "2010.10.26"]
[Round "-"]
[White "jamesxirb"]
[Black "Buckeyechess101"]
[Result "1-0"]
[WhiteElo "1378"]
[BlackElo "1552"]

1. e4 e5 2. Nf3 d6 3. d4 Nd7 4. Nc3 g6 5. g4 Bg7 6. Be3 Ngf6 7. h3 Qe7 8. d5 b6
9. g5 Nh5 10. Qd3 f6 11. O-O-O Bb7 12. Qc4 O-O-O 13. Nb5 Nb8 14. Nxa7+ Kd7 15.
Qa4+ c6 16. Bxb6 Rde8 17. dxc6+ Nxc6 18. Nb5 Ra8 19. Qb3 Rhc8 20. Nxd6 Qxd6 21.
Rxd6+ Kxd6 22. Qb5 Ne7 23. Bc4 Bc6 24. Rd1+ Bd5 25. Rxd5+ Nxd5 26. exd5 Nf4 27.
Qb4+ Kd7 28. Bb5+ 1-0

[Event "Challenge"]
[Site "http://www.queenalice.com/game.php?id=902040"]
[Date "2011.2.18"]
[Round "-"]
[White "Scaracioli"]
[Black "Buckeyechess101"]
[Result "1-0"]
[WhiteElo "1514"]
[BlackElo "1572"]

1. e4 e5 2. a3 b6 3. Nf3 d6 4. h3 Bb7 5. Nc3 Nf6 6. d3 Nbd7 7. Bg5 g6 8. h4 Bg7
9. Nh2 O-O 10. g4 h6 11. Bxf6 Nxf6 12. Be2 Qd7 13. h5 g5 14. f3 Rad8 15. a4 1-0

[Event "Challenge"]
[Site "http://www.queenalice.com/game.php?id=907277"]
[Date "2011.3.1"]
[Round "-"]
[White "Buckeyechess101"]
[Black "adelio"]
[Result "0-1"]
[WhiteElo "1523"]
[BlackElo "1840"]

1. e4 a6 2. d4 h6 3. Nf3 g6 4. g3 f6 5. b3 e6 6. Bg2 d6 7. O-O Rh7 8. Nbd2 b5 9.
c4 c6 10. Qe2 Raa7 11. Bb2 g5 12. Rfe1 h5 13. h3 Rag7 14. Rad1 Nd7 15. Nf1 Nh6
16. e5 f5 17. d5 Nb8 18. a4 b4 19. h4 Ng4 20. Qd2 Nxe5 21. Nxg5 Rh8 22. Nxe6
Bxe6 23. dxe6 Be7 24. Ne3 Rf8 25. Bh3 Nf3+ 26. Kg2 Nxd2 27. Bxg7 Rg8 28. Nxf5
Rxg7 29. Nxg7+ Kf8 30. Nxh5 Nxb3 31. Rd3 Nc5 32. Rf3+ Kg8 33. Rf5 Qc8 0-1

[Event "Challenge"]
[Site "http://www.queenalice.com/game.php?id=907278"]
[Date "2011.3.1"]
[Round "-"]
[White "Buckeyechess101"]
[Black "heinrich79"]
[Result "0-1"]
[WhiteElo "1542"]
[BlackElo "1690"]

1. e4 c6 2. d4 d5 3. Nc3 dxe4 4. Nxe4 Bf5 5. f3 e6 6. Bc4 Nf6 7. Qd3 Nbd7 8. b3
Nb6 9. Bb2 Nbd5 10. O-O-O Bb4 11. Ne2 Qe7 12. g4 Bg6 0-1

[Event "Challenge"]
[Site "http://www.queenalice.com/game.php?id=907279"]
[Date "2011.3.1"]
[Round "-"]
[White "Buckeyechess101"]
[Black "cyrano"]
[Result "0-1"]
[WhiteElo "1541"]
[BlackElo "1628"]

1. e4 e5 2. d4 Nf6 3. Nc3 Nc6 4. Be3 Ng4 5. Qxg4 exd4 6. Bg5 f6 7. Bxf6 Qxf6 8.
Nd5 Qe5 9. Nf3 Qd6 10. g3 Nb4 11. Rd1 Nxc2+ 12. Kd2 Qc5 13. Rc1 Qa5+ 14. Kxc2
Qa4+ 15. Kb1 Kd8 16. Bc4 d6 17. Qg5+ Kd7 18. Nxd4 c6 19. Nc3 Qxc4 20. Rhd1 c5
0-1

[Event "Challenge"]
[Site "http://www.queenalice.com/game.php?id=907281"]
[Date "2011.3.1"]
[Round "-"]
[White "Buckeyechess101"]
[Black "jamesxirb"]
[Result "1-0"]
[WhiteElo "1532"]
[BlackElo "1363"]

1. e4 e5 2. Nf3 f6 3. d4 d6 4. Bc4 Ne7 5. c3 Qd7 6. O-O Qc6 7. Nbd2 b5 8. Bd3
Ng6 9. Re1 Nf4 10. Nf1 g6 11. Bxf4 exf4 12. Qb3 g5 13. Bxb5 Be6 14. Qxe6+ Be7
15. Bxc6+ Nxc6 16. e5 Nd8 17. Qf5 Rb8 18. exf6 Rf8 19. Rxe7# 1-0

[Event "Challenge"]
[Site "http://www.queenalice.com/game.php?id=915895"]
[Date "2011.3.22"]
[Round "-"]
[White "Buckeyechess101"]
[Black "zeoliveira100870"]
[Result "0-1"]
[WhiteElo "1520"]
[BlackElo "1567"]

1. e4 e5 2. Nf3 Nc6 3. g3 a6 4. d3 g6 5. Bg2 Bb4+ 6. Nbd2 d6 7. O-O Nf6 8. c3
Bc5 9. Qe2 O-O 10. b3 b5 11. Bb2 a5 0-1